| 000 | 00952nam a2200325 a 4500 | ||
|---|---|---|---|
| 001 | 000112717 | ||
| 003 | CHAP | ||
| 005 | 20220329144319.0 | ||
| 008 | 161011s1998 mx |r| ||||d|spa d | ||
| 010 | _a109178 | ||
| 011 | _a110150 | ||
| 040 | _cCHAP | ||
| 082 | 0 |
_a823 _bS52 |
|
| 100 | 0 | 0 |
_aShakespeare, William. _9105459 |
| 245 | 1 | 0 |
_aMacbeth / _cpor William Shakespeare. |
| 246 | 3 | 3 | _aEl mercader de venecia |
| 246 | 3 | 3 | _aLas alegres comadres de Windsor |
| 260 |
_aMéxico, D.F. : _bEditorial Época, _c1998. |
||
| 300 | _a200 p. | ||
| 590 |
_aBATCH-UPD _b05 _c20161011 _lUCH01 _h0902 |
||
| 590 |
_aE11695DGD _b10 _c20170521 _lUCH01 _h1056 |
||
| 590 |
_aE11695DGD _b10 _c20170521 _lUCH01 _h1056 |
||
| 590 |
_aE5765TAJ _b05 _c20161011 _lUCH01 _h0901 |
||
| 650 | 1 | 4 |
_aDrama inglés (comedia) _ySiglo XIV. _9131136 |
| 650 | 1 | 4 |
_aDramaturgos ingleses. _9131138 |
| 650 | 1 | 4 |
_aTeatro inglés. _9131137 |
| 901 | _aBK | ||
| 942 | _cLIBRO | ||
| 942 | _n0 | ||
| 999 |
_c109178 _d109178 |
||